El regresar del tiempo: formas elementales de la posmodernidad

-д хадгалсан:
Номзүйн дэлгэрэнгүй
Үндсэн зохиолч: Maffesoli, Michel (autor)
Формат: Ном
Хэл сонгох:испани
Хэвлэсэн: Cuernavaca Siglo Veintiuno Editores 2014
Хэвлэл:1a. ed
Цуврал:Sociología y Política
Нөхцлүүд:
Шошгууд: Шошго нэмэх
Шошго байхгүй, Энэхүү баримтыг шошголох эхний хүн болох!

MARC

LEADER 00000cam a2200000 a 4500
001 UCD6936
003 CL-VaPUC
008 170303e20140000mx |||||||||||||||||spa|d
020 |a 9786070306198 
082 0 4 |a 303.4  |b MAF  |2 21 
100 |a Maffesoli, Michel  |e autor  |9 590826 
245 1 3 |a El regresar del tiempo: formas elementales de la posmodernidad 
250 |a 1a. ed 
300 |a 120 p 
942 |c BK 
945 |d 20170303 17:35:00  |a dcastane 
260 |a Cuernavaca  |b Siglo Veintiuno Editores  |c 2014 
650 0 |a Antropología cultural y social   |9 265143 
650 0 |a Cambio social   |9 256857 
650 0 |a Posmodernismo   |9 330532 
650 0 |a Sociología   |9 255410 
583 |a last modification  |c 20170303 17:35:00  |k Rodrigo Vera 
490 0 |a Sociología y Política 
999 |c 367108  |d 367106 
952 |0 0  |1 0  |3 erb  |4 0  |6 303_400000000000000_MAF_2014  |7 0  |8 A  |9 481797  |a BIBEDU  |b BIBEDU  |i 5362288  |o 303.4 MAF 2014  |p 5362288  |r 2019-11-24  |w 2019-11-24  |y BK  |z Catalogado en:20170303  |k EPE